00505nam a22001697a 4500008004100000040001800041041000800059100003000067245006600097260005700163300001800220500002100238610002300259650001500282650002500297650001300322130821s1933 fr gr fre  aCo-BoUCMbspa00afre aCoulombiau, Maurice, Abad00aChartresbL'ame de la cathédralecAbbé Maurice Coulombiau aParís (Francia)bDesclée de Brouwer et Ciec1933 a185 páginas aIncluye índice aIglesia Católica04aCatedrales04aCatedralesxHistoria04aHistoria